000 03317aam a2200373 i 4500
001 768714001
003 CO-MdFUSB
005 20231031171241.0
007 ta
008 231004t20052007tnu||||g |||| 00| 0 spa d
020 _a9780825411922
040 _aCO-MdFUSB
_bspa
_cCO-MdFUSB
_dCO-MdFUSBC
_erda
041 _aspa
_heng
082 _223
_a248.4
_bAR786
100 _aArterburn, Stephen,
_eautor
240 _aHealing is a choice
245 1 _aSanidad es una elección
_b : diez decisiones que transformarán su vida y diez mentiras que tratarán de alejarle de la verdad
_c/ Stephen Arterburn ; traducido por Luis Bernal Lumpuy
250 _aedición en castellano
264 1 _aMichigan :
_bPortavoz,
_c[2005]
264 4 _c©2007
300 _a247 páginas
_c; 22 cm
336 _2rdacontent
_atexto
_btxt
337 _2rdamedia
_asin mediación
_bn
338 _2rdacarrier
_avolumen
_bnc
505 _aCapítulo 1. La primera elección: la decisión de relacionar su vida -- La primera gran mentira: "lo único que necesito para sanarme es solo Dios y yo" -- Capítulo 2. La segunda elección: La decisión de sentir su vida -- La segunda gran mentira: "los verdaderos cristianos deben tener genuina paz en todas las circunstancias" -- Capítulo 3. La tercera elección: La decisión de analizar su vida en la búsqueda de la verdad -- La tercera gran mentira: "no hace ningún bien mirar al pasado o mirar hacia dentro" -- Capítulo 4. La cuarta elección: La decisión de sanar su futuro -- La cuarta gran mentira: "el tiempo sana todas las heridas" --Capítulo 5. La quinta elección: La decisión de ayudar a su vida -- La quinta gran mentira: "puedo resolver esto solo" -- Capítulo 6. La sexta elección: La decisión de aceptar su vida -- la sexta gran mentira: "si actúa como si no hubiera problema alguno, con el tiempo no lo habrá" -- Capítulo 7. La séptima elección: La decisión de perdonar --La séptima gran mentira: "el perdón es solo para quienes lo merecen o lo ganan" -- Capítulo 8. La octava elección: La decisión de arriesgar su vida -- La octava gran mentira: "debo protegerme de más dolor" -- Capítulo 9. La novena elección: La decisión de servir -- La novena gran mentira: "hasta que me sienta totalmente sano y fuerte, no hay lugar alguno para que yo sirva a Dios" -- Capítulo 10. La décima elección: La decisión de perseverar -- La décima gran mentira: "no me queda ninguna esperanza" -- Capítulo 11. Ultimas ideas acerca de la sanidad.
520 _a¿Desea sentirse bien? El poder de curar - física, mental, espiritual y emocionalmente - está en las manos de Dios. Pero la elección de ser sanado es suya. Cada persona, en un cierto nivel, necesita ser sanada. Quizás ha orado pidiendo sanidad por mucho tiempo, incluso por muchos años. Tal vez ha vivido con su quebranto por tanto tiempo ya que se ha acostumbrado a él. Quizá se pregunta cuando Dios le va a quitar todo esto que lo abruma. Dios puede hacerlo, pero usted también debe elegir dejar el mal que le afecta y permitir que comience la sanidad.
563 _aRústico
650 0 _919
_aVida cristiana
653 _aToma de decisiones
653 _aAspectos religiosos Cristianismo
700 _94774
_aBernal Lumpuy, Luis.
_etraductor
942 _cBK
945 _asor1564
999 _c69116
_d69116